| 000 | 00731nam a2200253 a 4500 | ||
|---|---|---|---|
| 001 | 33286 | ||
| 003 | BD-RjUL | ||
| 005 | 20211209051959.0 | ||
| 008 | 140507t1949 enk 001 0 eng d | ||
| 035 | _a(BD-RjUL)33377 | ||
| 040 |
_aDLC _cUCW _beng _dBD-RjUL |
||
| 041 | _aeng | ||
| 082 | 0 | 4 |
_a301 _bMAE 1960 |
| 100 | 1 |
_aMacIver, Robert M. _q(Robert Morrison), _d1882-1970. _958296 |
|
| 245 | 1 | 4 |
_aThe elements of social science / _cby R.M. MacIver |
| 250 | _a9th ed., rev | ||
| 260 |
_aLondon : _bMethuen, _c1949 [Reprinted 1960] |
||
| 300 |
_avi, 177 p. ; _c19 cm |
||
| 500 | _a"Notes for further reading" : p. 171-173 | ||
| 504 | _aIncludes index. | ||
| 650 | 0 |
_aSociology _9101085 |
|
| 942 |
_2ddc _cBK |
||
| 999 |
_c33286 _d33286 |
||